[Event "HUN-chT2 Szechenyi 1819"]
[Site "Hungary"]
[Date "2018.12.02"]
[Round "3.4"]
[White "Bardossi, Jeno"]
[Black "Bakos, Balazs1111"]
[Result "1-0"]
[WhiteElo "2070"]
[BlackElo "1941"]
[PlyCount "91"]
[EventDate "2018.10.28"]
[EventType "team-tourn"]
[EventRounds "9"]
[EventCountry "HUN"]
[SourceTitle "EXT 2021"]
[Source "ChessBase"]
[SourceDate "2020.10.23"]
[SourceVersion "1"]
[SourceVersionDate "2020.10.23"]
[SourceQuality "1"]
[WhiteTeam "Csuti Baki Agrocentrum"]
[BlackTeam "Tapolca VSE II"]
[WhiteTeamCountry "HUN"]
[BlackTeamCountry "HUN"]

1. e4 c5 2. Nf3 e6 3. d3 Nc6 4. g3 Nge7 5. Bg2 g6 6. 0-0 Bg7 7. c3 d5 8. Nbd2 0-0 9. Qe2 Qc7 10. Re1 Rb8 11. Nf1 d4 12. c4 e5 13. h3 a6 14. N3h2 b5 15. b3 bxc4 16. bxc4 Bd7 17. f4 Nb4 18. a3 Nbc6 19. Nf3 f6 20. Qc2 Na5 21. fxe5 fxe5 22. Bg5 Bxh3 23. Bxh3 Rxf3 24. Bg4 Rff8 25. Qa4 Nac6 26. Be6+ Kh8 27. Rab1 h6 28. Bd2 Rxb1 29. Rxb1 Rf3 30. Bd5 h5 31. Kg2 Rf8 32. Nh2 Bf6 33. Bxc6 Nxc6 34. Qxa6 h4 35. Rb6 Rc8 36. Ng4 Bg7 37. Rb7 Qd8 38. Rf7 Rc7 39. Rxc7 Qxc7 40. gxh4 Qd7 41. Kg3 Kh7 42. Qb6 Qd6 43. a4 Bf6 44. a5 Bd8 45. Qb7+ Kh8 46. a6 1-0

[Event "HUN-chT2 Szechenyi 1819"]
[Site "Hungary"]
[Date "2018.10.28"]
[Round "1.5"]
[White "Bardossi, Jeno"]
[Black "Kolimar, Kristof Pal"]
[Result "0-1"]
[WhiteElo "2070"]
[BlackElo "1814"]
[PlyCount "100"]
[EventDate "2018.10.28"]
[EventType "team-tourn"]
[EventRounds "9"]
[EventCountry "HUN"]
[SourceTitle "EXT 2021"]
[Source "ChessBase"]
[SourceDate "2020.10.23"]
[SourceVersion "1"]
[SourceVersionDate "2020.10.23"]
[SourceQuality "1"]
[WhiteTeam "Csuti Baki Agrocentrum"]
[BlackTeam "Veszprem Ezust Huszar"]
[WhiteTeamCountry "HUN"]
[BlackTeamCountry "HUN"]

1. e4 c5 2. c3 Nf6 3. e5 Nd5 4. d4 e6 5. Nf3 cxd4 6. cxd4 d6 7. Nc3 Nxc3 8. bxc3 Qc7 9. Bd2 Nd7 10. Ng5 dxe5 11. Qf3 Nf6 12. Bb5+ Bd7 13. Bxd7+ Qxd7 14. dxe5 Nd5 15. Rd1 Rc8 16. 0-0 h6 17. Ne4 Be7 18. Qg4 g6 19. Rfe1 b5 20. a4 a6 21. Qe2 Kf8 22. Rb1 Rc4 23. axb5 axb5 24. Rb3 Kg7 25. Reb1 Rb8 26. Qd3 Qc6 27. Qh3 Rxe4 28. Qxh6+ Kg8 29. c4 Bf8 30. cxd5 Bxh6 31. dxc6 Bxd2 32. Rd3 Ba5 33. f3 Rxe5 34. Rc1 Rd5 35. Ra3 Bb6+ 36. Kf1 Rc5 37. Rxc5 Bxc5 38. Ra5 Bd6 39. Ke2 b4 40. Kd2 Bxh2 41. Kc2 b3+ 42. Kb2 Bc7 43. Ra7 Be5+ 44. Kb1 b2 45. Ra5 Bd6 46. Ra2 Kf8 47. Ra7 Rc8 48. Ra6 Be5 49. f4 Bf6 50. g4 Rd8 0-1

[Event "HUN-chT2 Szechenyi 1718"]
[Site "Hungary"]
[Date "2018.02.18"]
[Round "6.3"]
[White "Domonkos, Andras"]
[Black "Bardossi, Jeno"]
[Result "0-1"]
[WhiteElo "1952"]
[BlackElo "2083"]
[PlyCount "98"]
[EventDate "2017.10.29"]
[EventType "team-tourn"]
[EventRounds "9"]
[EventCountry "HUN"]
[SourceTitle "EXT 2021"]
[Source "ChessBase"]
[SourceDate "2020.10.23"]
[SourceVersion "1"]
[SourceVersionDate "2020.10.23"]
[SourceQuality "1"]
[WhiteTeam "Veszprem Ezust Huszar"]
[BlackTeam "Csuti Baki Agrocentrum"]
[WhiteTeamCountry "HUN"]
[BlackTeamCountry "HUN"]

1. c4 c5 2. Nc3 Nc6 3. g3 g6 4. Bg2 Bg7 5. d3 e5 6. e4 Nge7 7. Nge2 0-0 8. 0-0 h6 9. f4 d6 10. Nd5 Bg4 11. h3 Bxe2 12. Qxe2 Nxd5 13. cxd5 Nd4 14. Qd1 Kh7 15. f5 Bf6 16. Be3 Rg8 17. Bxd4 exd4 18. Qf3 Be5 19. fxg6+ fxg6 20. h4 Rf8 21. Qxf8 Qxf8 22. Rxf8 Rxf8 23. g4 h5 24. gxh5 gxh5 25. Rf1 Rxf1+ 26. Bxf1 Bg3 27. Kg2 Bxh4 28. Kf3 Bf6 29. Kf4 Kg6 30. Bh3 Be5+ 31. Kf3 Kf6 32. b3 Ke7 33. Bf5 Kd8 34. Bg6 h4 35. Bf5 Kc7 36. Ke2 Kb6 37. Kd2 Ka5 38. a3 b5 39. Kc2 c4 40. dxc4 bxc4 41. bxc4 Ka4 42. Kd3 Kxa3 43. c5 dxc5 44. Kc4 Kb2 45. Kxc5 d3 46. Bg4 d2 47. d6 Bxd6+ 48. Kd5 h3 49. e5 h2 0-1

[Event "HUN-chT2 Szechenyi 1617"]
[Site "Hungary"]
[Date "2017.04.09"]
[Round "11.3"]
[White "Bardossi, Jeno"]
[Black "Kiss, Csaba"]
[Result "0-1"]
[WhiteElo "2123"]
[BlackElo "1834"]
[PlyCount "101"]
[EventDate "2016.09.25"]
[EventType "team-tourn"]
[EventRounds "11"]
[EventCountry "HUN"]
[SourceTitle "EXT 2021"]
[Source "ChessBase"]
[SourceDate "2020.10.23"]
[SourceVersion "1"]
[SourceVersionDate "2020.10.23"]
[SourceQuality "1"]
[WhiteTeam "Csuti Baki Agrocentrum"]
[BlackTeam "Papa"]
[WhiteTeamCountry "HUN"]
[BlackTeamCountry "HUN"]

1. e4 e6 2. d3 d5 3. Nd2 Nf6 4. Ngf3 c5 5. g3 Nc6 6. Bg2 dxe4 7. dxe4 e5 8. h3 h6 9. 0-0 Be7 10. c3 Be6 11. Qe2 Qc7 12. Rd1 0-0 13. Nh4 g6 14. Nb3 Kg7 15. Qe3 g5 16. Nf5+ Bxf5 17. exf5 c4 18. Nd2 Rfd8 19. Re1 Rd3 20. Qe2 b5 21. a4 Qb6 22. axb5 Qxb5 23. Nxc4 Rad8 24. Bxc6 Qxc4 25. Ba4 Bc5 26. Kh2 g4 27. Bc2 e4 28. Bxd3 exd3 29. Qd2 Rh8 30. h4 Qd5 31. Qf4 Qc6 32. Be3 Bd6 33. Qd4 Rd8 34. Bxh6+ Kh7 35. Qe3 Bc5 36. Qg5 Rg8 37. Qc1 Bxf2 38. Re7 Bxg3+ 39. Kg1 Bh2+ 40. Kxh2 Qd6+ 41. Bf4 g3+ 42. Kg1 Qxe7 43. Qe3 Qxe3+ 44. Bxe3 Re8 45. Bg5 Kg7 46. Bxf6+ Kxf6 47. Rd1 Re3 48. Kg2 Kxf5 49. c4 Kg4 50. h5 Re2+ 51. Kg1 0-1

[Event "HUN-chT2 Szechenyi 1617"]
[Site "Hungary"]
[Date "2016.10.30"]
[Round "3.3"]
[White "Ongai, Erik"]
[Black "Bardossi, Jeno"]
[Result "0-1"]
[WhiteElo "2064"]
[BlackElo "2123"]
[PlyCount "84"]
[EventDate "2016.09.25"]
[EventType "team-tourn"]
[EventRounds "11"]
[EventCountry "HUN"]
[SourceTitle "EXT 2021"]
[Source "ChessBase"]
[SourceDate "2020.10.23"]
[SourceVersion "1"]
[SourceVersionDate "2020.10.23"]
[SourceQuality "1"]
[WhiteTeam "Sarvar"]
[BlackTeam "Csuti Baki Agrocentrum"]
[WhiteTeamCountry "HUN"]
[BlackTeamCountry "HUN"]

1. e4 c5 2. Nf3 e6 3. d4 cxd4 4. Nxd4 Nf6 5. Bd3 Nc6 6. Nb3 d5 7. exd5 Nxd5 8. 0-0 Be7 9. c3 b6 10. Bb5 Bb7 11. Nd4 Rc8 12. Nd2 0-0 13. Nxc6 Bxc6 14. Bxc6 Rxc6 15. Nf3 Bf6 16. Qa4 Qc7 17. Bg5 Rc4 18. Qc2 b5 19. Bxf6 Nxf6 20. Qe2 Re4 21. Qxb5 Rb8 22. Qd3 Rxb2 23. Rfd1 h6 24. Nd2 Ra4 25. a3 Ng4 26. h3 Qh2+ 27. Kf1 Ne5 28. Qd8+ Kh7 29. Qa8 Qf4 30. g3 Qf5 31. Kg2 Rc2 32. Rac1 Rxa3 33. c4 Raa2 34. g4 Qf4 35. Rxc2 Rxc2 36. Qxa7 Rxd2 37. Rxd2 Qxd2 38. c5 Qd5+ 39. Kh2 Nd7 40. Kg1 f6 41. h4 Nxc5 42. h5 Ne4 0-1

[Event "HUN-chT2 Szechenyi 1617"]
[Site "Hungary"]
[Date "2016.10.09"]
[Round "2.4"]
[White "Nagy, Tamas1111"]
[Black "Bardossi, Jeno"]
[Result "1/2-1/2"]
[WhiteElo "1919"]
[BlackElo "2123"]
[PlyCount "92"]
[EventDate "2016.09.25"]
[EventType "team-tourn"]
[EventRounds "11"]
[EventCountry "HUN"]
[SourceTitle "EXT 2021"]
[Source "ChessBase"]
[SourceDate "2020.10.23"]
[SourceVersion "1"]
[SourceVersionDate "2020.10.23"]
[SourceQuality "1"]
[WhiteTeam "Gyor Szechenyi"]
[BlackTeam "Csuti Baki Agrocentrum"]
[WhiteTeamCountry "HUN"]
[BlackTeamCountry "HUN"]

1. d4 Nf6 2. Nf3 e6 3. c4 Bb4+ 4. Nbd2 Ne4 5. a3 Nxd2 6. Nxd2 Be7 7. e4 d6 8. Nf3 0-0 9. Be2 Nd7 10. 0-0 e5 11. Be3 b6 12. dxe5 Nxe5 13. Nxe5 dxe5 14. Qd5 Ba6 15. Qxd8 Rfxd8 16. Rfd1 f6 17. Kf1 Kf7 18. Ke1 g6 19. Rxd8 Rxd8 20. Rd1 Bb7 21. Rxd8 Bxd8 22. f3 Be7 23. Kd2 Ke6 24. Bd1 f5 25. Bc2 f4 26. Bf2 g5 27. Ba4 g4 28. Be8 Bc5 29. Bxc5 bxc5 30. Bh5 gxf3 31. gxf3 a5 32. a4 Kf6 33. Bg4 Kg5 34. Bf5 Kh4 35. Ke2 Bc6 36. b3 Be8 37. Kf2 Bg6 38. Be6 h6 39. Kg2 Bh5 40. Bf5 Bf7 41. Bd7 Bg6 42. Be6 Bh5 43. Bf5 Kg5 44. Be6 Kf6 45. Bf5 Bf7 46. Bd7 Bh5 1/2-1/2

[Event "HUN-chT2 Szechenyi 1516"]
[Site "Hungary"]
[Date "2016.02.28"]
[Round "8.4"]
[White "Szukics, Adam"]
[Black "Bardossi, Jeno"]
[Result "1-0"]
[WhiteElo "1947"]
[BlackElo "2131"]
[PlyCount "47"]
[EventDate "2015.09.13"]
[EventType "team-tourn"]
[EventRounds "11"]
[EventCountry "HUN"]
[SourceTitle "EXT 2017"]
[Source "ChessBase"]
[SourceDate "2016.10.25"]
[SourceVersion "1"]
[SourceVersionDate "2016.10.25"]
[SourceQuality "1"]
[WhiteTeam "HVSE Infraplan"]
[BlackTeam "Csuti Baki Agrocentrum"]
[WhiteTeamCountry "HUN"]
[BlackTeamCountry "HUN"]

1. e4 c5 2. Nf3 e6 3. d4 cxd4 4. Nxd4 Nf6 5. Bd3 Nc6 6. Nxc6 bxc6 7. 0-0 d5 8. Nd2 Be7 9. c4 0-0 10. Qc2 g6 11. Nf3 d4 12. Bh6 Re8 13. Ne5 Qc7 14. f4 Nd7 15. Qf2 c5 16. Nxf7 Kxf7 17. f5 exf5 18. exf5 Bf6 19. fxg6+ hxg6 20. Bg5 Re6 21. Bxg6+ Kg7 22. Bf5 Bxg5 23. Qf3 Qf4 24. Qxa8 1-0

[Event "HUN-chT2 Szechenyi 1415"]
[Site "Hungary"]
[Date "2014.09.07"]
[Round "1.4"]
[White "Szabo, Benjamin"]
[Black "Bardossi, Jeno"]
[Result "0-1"]
[WhiteElo "1941"]
[BlackElo "2153"]
[PlyCount "108"]
[EventDate "2014.09.07"]
[EventType "team-tourn"]
[EventRounds "11"]
[EventCountry "HUN"]
[SourceTitle "EXT 2016"]
[Source "ChessBase"]
[SourceDate "2015.10.08"]
[SourceVersion "1"]
[SourceVersionDate "2015.10.08"]
[SourceQuality "1"]
[WhiteTeam "Tapolca"]
[BlackTeam "Csuti"]
[WhiteTeamCountry "HUN"]
[BlackTeamCountry "HUN"]

1. e4 c5 2. Nf3 e6 3. d3 Nc6 4. g3 g6 5. Bg2 Bg7 6. 0-0 Nge7 7. Re1 d6 8. Nbd2 0-0 9. h4 h6 10. Nf1 f5 11. exf5 Nxf5 12. c3 e5 13. Ne3 Nxe3 14. Bxe3 Bg4 15. Qb3+ Kh8 16. Nh2 Bc8 17. Rad1 Qc7 18. Be4 Ne7 19. d4 Rb8 20. dxe5 dxe5 21. Qc2 Bf5 22. g4 Bxe4 23. Qxe4 b6 24. Nf1 Rbd8 25. Ng3 Rd6 26. g5 h5 27. Bc1 Qd7 28. Rxd6 Qxd6 29. Qe2 Nd5 30. Rd1 Qe6 31. Qc4 Rd8 32. Nf1 b5 33. Qe4 Rd6 34. Ne3 Nf4 35. Qf3 Rxd1+ 36. Nxd1 Nd5 37. Qe4 Kh7 38. Be3 Nf4 39. Bxf4 Qg4+ 40. Kh2 Qxh4+ 41. Kg2 Qg4+ 42. Kh2 exf4 43. Qd5 h4 44. Kh1 b4 45. cxb4 cxb4 46. Kh2 a5 47. Kh1 a4 48. Kh2 a3 49. bxa3 bxa3 50. Kh1 Qf5 51. Qd8 Qe4+ 52. Kh2 Qf3 53. Qd7 Qe2 54. Kh3 Qxa2 0-1

[Event "HUN-chT2 Szechenyi 1314"]
[Site "Hungary"]
[Date "2014.03.23"]
[Round "9.5"]
[White "Szabo, Benjamin"]
[Black "Bardossi, Jeno"]
[Result "1/2-1/2"]
[WhiteElo "1800"]
[BlackElo "2161"]
[PlyCount "83"]
[EventDate "2013.09.08"]
[EventType "team-tourn"]
[EventRounds "11"]
[EventCountry "HUN"]
[SourceTitle "EXT 2016"]
[Source "ChessBase"]
[SourceDate "2015.10.08"]
[SourceVersion "1"]
[SourceVersionDate "2015.10.08"]
[SourceQuality "1"]
[WhiteTeam "Tapolca II"]
[BlackTeam "Baki Agrocentrum"]
[WhiteTeamCountry "HUN"]
[BlackTeamCountry "HUN"]

1. e4 c5 2. Nf3 e6 3. d3 Nc6 4. g3 g6 5. Bg2 Bg7 6. 0-0 d6 7. Re1 Nge7 8. c3 0-0 9. Na3 h6 10. Nc2 e5 11. a3 a5 12. Rb1 a4 13. h4 Be6 14. Qe2 Ba2 15. Ra1 Bb3 16. Ne3 b5 17. Ng4 Kh7 18. Ngh2 Qd7 19. Be3 f5 20. Qd2 Rad8 21. Qc1 Be6 22. Rd1 Na5 23. Rb1 Bb3 24. Bh3 Bxd1 25. Qxd1 Qc7 26. h5 f4 27. Bc1 g5 28. Kg2 Qc6 29. Qe2 Nb3 30. Kg1 Rf6 31. Ng4 Rf7 32. Ngh2 Nxc1 33. Rxc1 fxg3 34. fxg3 Rdf8 35. Rf1 Kh8 36. Ng4 Qb6 37. Kh2 b4 38. Ne3 bxa3 39. bxa3 Qc6 40. Nc4 Nc8 41. Bxc8 Qxc8 42. Nxd6 1/2-1/2

[Event "HUN-chT2 Szechenyi 1314"]
[Site "Hungary"]
[Date "2014.03.02"]
[Round "8.4"]
[White "Jonas, Zsolt"]
[Black "Bardossi, Jeno"]
[Result "1-0"]
[WhiteElo "2085"]
[BlackElo "2161"]
[PlyCount "119"]
[EventDate "2013.09.08"]
[EventType "team-tourn"]
[EventRounds "11"]
[EventCountry "HUN"]
[SourceTitle "EXT 2016"]
[Source "ChessBase"]
[SourceDate "2015.10.08"]
[SourceVersion "1"]
[SourceVersionDate "2015.10.08"]
[SourceQuality "1"]
[WhiteTeam "Veszprem"]
[BlackTeam "Baki Agrocentrum"]
[WhiteTeamCountry "HUN"]
[BlackTeamCountry "HUN"]

1. e4 c5 2. Nf3 e6 3. d4 cxd4 4. Nxd4 Nf6 5. Nc3 Nc6 6. Ndb5 d6 7. Be2 a6 8. Nd4 Bd7 9. a4 Nxd4 10. Qxd4 Bc6 11. Bg5 Be7 12. Rd1 Qc7 13. 0-0 0-0 14. Be3 d5 15. exd5 Nxd5 16. Nxd5 Bxd5 17. c4 Bc6 18. b3 Rfd8 19. Qg4 f5 20. Qh3 Rxd1 21. Rxd1 Rd8 22. Rxd8+ Qxd8 23. Qg3 Bf6 24. f3 e5 25. Qe1 e4 26. fxe4 Bxe4 27. b4 Bd4 28. Qd2 Bxe3+ 29. Qxe3 Qf6 30. Qd2 Qa1+ 31. Bd1 h6 32. b5 axb5 33. axb5 Qa7+ 34. Qf2 Qa1 35. Qd2 Qa7+ 36. Kf1 Qb8 37. Bf3 Bxf3 38. gxf3 Qe5 39. Qe2 Qa1+ 40. Kg2 Qd4 41. Qe6+ Kh8 42. Qc8+ Kh7 43. Qxf5+ Kh8 44. Qc8+ Kh7 45. Qxb7 Qd2+ 46. Kh3 Qf2 47. Qe4+ g6 48. Qd3 Kg7 49. Qc3+ Kf7 50. Qb3 Qf1+ 51. Kg4 Qg2+ 52. Kf4 Qxh2+ 53. Ke4 Qe2+ 54. Kd4 Qd2+ 55. Kc5 Ke7 56. b6 Qd6+ 57. Kb5 Kd7 58. Ka6 h5 59. Qb5+ Ke7 60. c5 1-0

[Event "HUN-chT2 Szechenyi 1112"]
[Site "Hungary"]
[Date "2012.02.19"]
[Round "6.5"]
[White "Bardossi, Jeno"]
[Black "Minorics, Tibor"]
[Result "1-0"]
[WhiteElo "2132"]
[BlackElo "1795"]
[PlyCount "83"]
[EventDate "2011.09.25"]
[EventType "team-tourn"]
[EventRounds "11"]
[EventCountry "HUN"]
[SourceTitle "EXT 2013"]
[Source "ChessBase"]
[SourceDate "2012.11.22"]
[SourceVersion "1"]
[SourceVersionDate "2012.11.22"]
[SourceQuality "1"]
[WhiteTeam "Zalaegerszeg"]
[BlackTeam "Zalakaros"]
[WhiteTeamCountry "HUN"]
[BlackTeamCountry "HUN"]

1. e4 e6 2. d3 d5 3. Nd2 b6 4. Ngf3 Bb7 5. g3 c5 6. Bg2 Nd7 7. Qe2 d4 8. 0-0 e5 9. Nc4 Qc7 10. Nh4 Ne7 11. f4 f6 12. Qg4 Qc6 13. Bh3 Ba6 14. Qxd7+ Qxd7 15. Bxd7+ Kxd7 16. fxe5 fxe5 17. Nxe5+ Ke6 18. Nf7 Rg8 19. Ng5+ Kd7 20. Nxh7 Nc6 21. Ng6 Bd6 22. Bf4 Nb4 23. Bxd6 Kxd6 24. e5+ Kd7 25. Nhf8+ Ke8 26. Ne6 Rc8 27. Nef4 Nxc2 28. Rab1 Ne3 29. Rf2 Rc6 30. e6 Rxe6 31. Nxe6 Bxd3 32. Re1 Bxg6 33. Nf4 Bf7 34. Ng2 Bxa2 35. Nxe3 dxe3 36. Rxe3+ Kd8 37. Ra3 Bb1 38. Rxa7 Be4 39. Re2 Bf3 40. Re3 Rf8 41. Rxg7 Rf6 42. h4 1-0

[Event "HUN-chT2 Szechenyi 1112"]
[Site "Hungary"]
[Date "2011.10.30"]
[Round "2.5"]
[White "Bardossi, Jeno"]
[Black "Biro, Sandor"]
[Result "0-1"]
[WhiteElo "2132"]
[BlackElo "2294"]
[PlyCount "118"]
[EventDate "2011.09.25"]
[EventType "team-tourn"]
[EventRounds "11"]
[EventCountry "HUN"]
[SourceTitle "EXT 2013"]
[Source "ChessBase"]
[SourceDate "2012.11.22"]
[SourceVersion "1"]
[SourceVersionDate "2012.11.22"]
[SourceQuality "1"]
[WhiteTeam "Zalaegerszeg"]
[BlackTeam "Alsoszolnok"]
[WhiteTeamCountry "HUN"]
[BlackTeamCountry "HUN"]

1. e4 e5 2. Nc3 Nc6 3. Bc4 Nf6 4. d3 Bb4 5. Nf3 d5 6. exd5 Nxd5 7. 0-0 Bxc3 8. bxc3 Bg4 9. Qe1 Bxf3 10. gxf3 0-0 11. Bd2 Qd6 12. Qe4 Nb6 13. Bb3 Kh8 14. f4 f5 15. fxe5 Nxe5 16. Qg2 Rf6 17. Kh1 Rg6 18. Qh3 Rf8 19. f3 c5 20. Bf4 c4 21. Rae1 cxb3 22. Bxe5 Qc6 23. axb3 Nd5 24. c4 Ne7 25. d4 f4 26. d5 Qb6 27. Rg1 Qf2 28. Ref1 Qxc2 29. Qd7 Nf5 30. Bxf4 Qxb3 31. Rxg6 hxg6 32. Qc7 Qd3 33. Kg1 Ne3 34. Bxe3 Qxe3+ 35. Kg2 Rf5 36. Qd8+ Kh7 37. Qh4+ Rh5 38. Qf2 Qf4 39. Kh1 Qxc4 40. Rd1 Rxd5 41. Rxd5 Qxd5 42. Qxa7 Qxf3+ 43. Kg1 Qd1+ 44. Kg2 b5 45. Qe7 Qg4+ 46. Kf2 Qd4+ 47. Ke2 b4 48. Qe6 Qb2+ 49. Kd1 Qc3 50. Qg4 Qd3+ 51. Kc1 b3 52. Qh4+ Kg8 53. Qf2 Qc3+ 54. Kb1 g5 55. Qe2 Kf7 56. Qf1+ Kg6 57. Qa6+ Kh5 58. Qe2+ g4 59. Qe8+ g6 0-1

[Event "HUN-chT2 Charousek 1011"]
[Site "Hungary"]
[Date "2011.05.15"]
[Round "11"]
[White "Bardossi, Jeno"]
[Black "Farkas, Gyula"]
[Result "1/2-1/2"]
[WhiteElo "2135"]
[BlackElo "2172"]
[PlyCount "53"]
[EventDate "2010.09.12"]
[EventType "team-tourn"]
[EventRounds "11"]
[EventCountry "HUN"]
[SourceTitle "EXT 2012"]
[Source "ChessBase"]
[SourceDate "2011.11.24"]
[SourceVersion "1"]
[SourceVersionDate "2011.11.24"]
[SourceQuality "1"]
[WhiteTeam "Csuti II"]
[BlackTeam "Kisber Aszar"]
[WhiteTeamCountry "HUN"]
[BlackTeamCountry "HUN"]

1. e4 c5 2. c3 d5 3. exd5 Qxd5 4. d4 e6 5. Nf3 Nf6 6. Be2 Nc6 7. 0-0 Be7 8. c4 Qd8 9. dxc5 Bxc5 10. Qxd8+ Nxd8 11. Nc3 Bd7 12. a3 a5 13. Rd1 Nc6 14. Bf4 0-0 15. Na4 Nd4 16. Nxc5 Nxe2+ 17. Kf1 Nxf4 18. Nxd7 Rfd8 19. Nb6 Rab8 20. Ne5 Ng6 21. Ned7 Nxd7 22. Nxd7 Rbc8 23. Nb6 Rb8 24. Nd7 Rbc8 25. Nb6 Rb8 26. Nd7 Rbc8 27. Nb6 1/2-1/2

[Event "HUN-chT2 Charousek 1011"]
[Site "Hungary"]
[Date "2010.10.10"]
[Round "3"]
[White "Bardossi, Jeno"]
[Black "Karsa, Laszlo"]
[Result "1-0"]
[WhiteElo "2135"]
[BlackElo "2332"]
[PlyCount "57"]
[EventDate "2010.09.12"]
[EventType "team-tourn"]
[EventRounds "11"]
[EventCountry "HUN"]
[SourceTitle "EXT 2012"]
[Source "ChessBase"]
[SourceDate "2011.11.24"]
[SourceVersion "1"]
[SourceVersionDate "2011.11.24"]
[SourceQuality "1"]
[WhiteTeam "Csuti II"]
[BlackTeam "Pannonpower"]
[WhiteTeamCountry "HUN"]
[BlackTeamCountry "HUN"]

1. e4 e5 2. Nc3 Nc6 3. Bc4 Nf6 4. d3 Bc5 5. f4 exf4 6. Bxf4 d6 7. Nf3 Bg4 8. Na4 Nh5 9. Nxc5 dxc5 10. Be3 Qe7 11. Bb5 Bd7 12. Qd2 Ne5 13. Bxd7+ Nxd7 14. 0-0-0 b6 15. Rdf1 0-0-0 16. Qf2 Nhf6 17. h3 c4 18. Nd4 cxd3 19. Nc6 Qxe4 20. Nxd8 Rxd8 21. Bg5 Qc4 22. Bxf6 Nxf6 23. Kb1 Ne4 24. Qf5+ Rd7 25. cxd3 Qxd3+ 26. Ka1 g6 27. Qf3 f5 28. g4 Qxf3 29. Rxf3 1-0

[Event "HUN-chT2 Szechenyi 0910"]
[Site "Hungary"]
[Date "2010.04.11"]
[Round "9.1"]
[White "Ruszin, Anna"]
[Black "Bardossi, Jeno"]
[Result "1/2-1/2"]
[WhiteElo "2091"]
[BlackElo "2136"]
[PlyCount "62"]
[EventDate "2009.11.08"]
[EventType "team-tourn"]
[EventRounds "11"]
[EventCountry "HUN"]
[SourceTitle "EXT 2011"]
[Source "ChessBase"]
[SourceDate "2010.11.26"]
[SourceVersion "1"]
[SourceVersionDate "2010.11.26"]
[SourceQuality "1"]
[WhiteTeam "Zala Volan"]
[BlackTeam "Baki Agrocentrum"]
[WhiteTeamCountry "HUN"]
[BlackTeamCountry "HUN"]

1. e4 c5 2. Nf3 e6 3. d4 cxd4 4. Nxd4 Nc6 5. Be3 Nf6 6. Nc3 Qc7 7. Be2 a6 8. 0-0 b5 9. a3 Bb7 10. Kh1 Be7 11. f4 d6 12. Bf3 Nxd4 13. Qxd4 e5 14. Qd2 exf4 15. Bxf4 0-0 16. Rad1 Rad8 17. Qd3 Bc6 18. Ne2 Qb7 19. Ng3 Rfe8 20. Rfe1 Nd7 21. b4 Ne5 22. Bxe5 dxe5 23. Qe3 Bh4 24. c3 h6 25. Kg1 Bxg3 26. hxg3 Rf8 27. g4 f6 28. Kf2 Rfe8 29. Rh1 Rf8 30. Rhe1 Rfe8 31. Kf1 Rf8 1/2-1/2

[Event "HUN-chT2 Charousek 0809"]
[Site "Hungary"]
[Date "2009.03.08"]
[Round "9"]
[White "Bardossi, Jeno"]
[Black "Somorai, Zsolt"]
[Result "1/2-1/2"]
[WhiteElo "2144"]
[BlackElo "2132"]
[PlyCount "27"]
[EventDate "2008.10.26"]
[EventType "team-tourn"]
[EventRounds "11"]
[EventCountry "HUN"]
[SourceTitle "EXT 2010"]
[Source "ChessBase"]
[SourceDate "2010.11.25"]
[SourceVersion "1"]
[SourceVersionDate "2010.11.25"]
[SourceQuality "1"]
[WhiteTeam "Csuti II"]
[BlackTeam "Hobagoly"]
[WhiteTeamCountry "HUN"]
[BlackTeamCountry "HUN"]

1. e4 e5 2. Nc3 Nf6 3. Bc4 Bb4 4. Nge2 0-0 5. 0-0 Nc6 6. d3 Na5 7. Bg5 Nxc4 8. dxc4 Be7 9. Qd3 b6 10. Rad1 d6 11. Ng3 Be6 12. b3 Qd7 13. h3 Rae8 14. f4 1/2-1/2

[Event "HUN-chT2 Charousek 0809"]
[Site "Hungary"]
[Date "2009.01.25"]
[Round "6"]
[White "Bardossi, Jeno"]
[Black "Petenyi, Tamas"]
[Result "0-1"]
[WhiteElo "2144"]
[BlackElo "2251"]
[PlyCount "52"]
[EventDate "2008.10.26"]
[EventType "team-tourn"]
[EventRounds "11"]
[EventCountry "HUN"]
[SourceTitle "EXT 2010"]
[Source "ChessBase"]
[SourceDate "2010.11.25"]
[SourceVersion "1"]
[SourceVersionDate "2010.11.25"]
[SourceQuality "1"]
[WhiteTeam "Csuti II"]
[BlackTeam "Haladas II"]
[WhiteTeamCountry "HUN"]
[BlackTeamCountry "HUN"]

1. e4 e5 2. Nc3 Nf6 3. Bc4 Nc6 4. d3 Bb4 5. Nf3 d5 6. exd5 Nxd5 7. 0-0 Bxc3 8. bxc3 Bg4 9. Bb5 Qf6 10. Bxc6+ bxc6 11. Bd2 0-0 12. h3 Bh5 13. g4 Bg6 14. Bg5 Qd6 15. c4 f6 16. Bd2 Ne7 17. Nh4 Rad8 18. Nxg6 Nxg6 19. Qe1 f5 20. f3 fxg4 21. hxg4 e4 22. fxe4 Rxf1+ 23. Qxf1 Rf8 24. Qe1 Nh4 25. Kh1 Nf3 26. Qf2 Qe6 0-1

[Event "HUN-chT2 Charousek 0809"]
[Site "Hungary"]
[Date "2008.11.02"]
[Round "2"]
[White "Bardossi, Jeno"]
[Black "Bagonyai, Attila"]
[Result "1/2-1/2"]
[WhiteElo "2144"]
[BlackElo "2361"]
[PlyCount "42"]
[EventDate "2008.10.26"]
[EventType "team-tourn"]
[EventRounds "11"]
[EventCountry "HUN"]
[SourceTitle "EXT 2010"]
[Source "ChessBase"]
[SourceDate "2010.11.25"]
[SourceVersion "1"]
[SourceVersionDate "2010.11.25"]
[SourceQuality "1"]
[WhiteTeam "Csuti II"]
[BlackTeam "Aquaprofit II"]
[WhiteTeamCountry "HUN"]
[BlackTeamCountry "HUN"]

1. e4 e6 2. Qe2 e5 3. Nf3 Nc6 4. c3 Nf6 5. g3 a5 6. Bg2 Bc5 7. 0-0 0-0 8. d3 Re8 9. Be3 Bf8 10. h3 d5 11. Bg5 Be6 12. Nbd2 h6 13. Bxf6 Qxf6 14. Rfe1 Rad8 15. d4 exd4 16. e5 Qg6 17. cxd4 Nb4 18. Rec1 c5 19. dxc5 Nd3 20. Rc3 Nxc5 21. Nd4 Ne4 1/2-1/2

[Event "HUN-chT2 Szechenyi 0809"]
[Site "Hungary"]
[Date "2008.04.05"]
[Round "10.2"]
[White "Soos, Lajos"]
[Black "Bardossi, Jeno"]
[Result "1/2-1/2"]
[WhiteElo "2046"]
[BlackElo "2144"]
[PlyCount "23"]
[EventDate "2008.10.26"]
[EventType "team-tourn"]
[EventRounds "11"]
[EventCountry "HUN"]
[SourceTitle "EXT 2010"]
[Source "ChessBase"]
[SourceDate "2010.11.25"]
[SourceVersion "1"]
[SourceVersionDate "2010.11.25"]
[SourceQuality "1"]
[WhiteTeam "Kervaros"]
[BlackTeam "Baki Agrocentrum"]
[WhiteTeamCountry "HUN"]
[BlackTeamCountry "HUN"]

1. e4 e5 2. Nc3 Nf6 3. Bc4 Nxe4 4. Qh5 Nd6 5. Bb3 Be7 6. Nf3 Nc6 7. Nxe5 Nxe5 8. Qxe5 0-0 9. Nd5 Re8 10. 0-0 Bf8 11. Qf4 c6 12. Nc3 1/2-1/2